000 00634nam a2200229Ia 4500
003 OSt
005 20220923220824.0
006 a|||||r|||| 00| 0
007 ta
008 220922b |||||||| |||| 00| 0 hin d
024 _a190,945
037 _cTextual
040 _aARTS
_cARTS
_bhin
041 _2hin
_ahin
082 _aR65:00x, 152D9.1( )
100 _aआर्यमुनि
_9156277
245 0 _aउपनिषदार्भाष्य
246 _aUpaniṣhadārbhāṣhya
260 _c1909
942 _hR65:00x, 152D9.1( )
_cTEXL
_2CC
999 _c343666
_d343666